000 00572nam a2200193Ia 4500
005 20250508161940.0
008 008 250505s9999 xx 000 0 eng d
037 _aTextual
040 _aFEDL
_beng
_cFEDL
041 _aeng
_2eng
084 _a181.4, GAN
_qFEDL
100 _aVerma Vishwanath Prasad
245 0 _aPolitical philosphy of Mahatma Gandhi and Sarvodaya
260 _aAgra, India
_bLakshmi Narain Agarwal
_c1959
300 _aii,308p.
650 _aOriental Philosophy
_9755543
942 _cTEXL
_h181.4, GAN
999 _c1373437
_d1373437